| 000 | 01532nam a2200277Ia 4500 | ||
|---|---|---|---|
| 003 | PE SENCICO BE | ||
| 005 | 20251020182609.0 | ||
| 008 | 200515s9999 xx 000 0 und d | ||
| 020 | _a978-84-15967-84-2 | ||
| 040 |
_aPE SENCICO BE _cPE SENCICO BE |
||
| 041 | _aspa | ||
| 082 |
_a624.17 _bM12 |
||
| 100 | 1 |
_91443 _aMcLean, Will _eautor |
|
| 245 | 1 | 0 |
_aEstructuras de aire : _barquitectura, ingeniería y diseño / _cWill McLean, Pete Silver |
| 250 | _a1a ed. | ||
| 260 |
_aBarcelona : _bPromopress, _c2015 |
||
| 300 |
_a160 páginas : _bilustraciones a color, láminas ; _c17 cm. |
||
| 520 | 3 | _aEl aire se emplea de muchas maneras en la construcción de estructuras ligeras y flexibles. Mediante numerosos fotografías, maquetas, dibujos y diagramas, Estructuras de aire explora cada una de las facetas de este tema: estructuras sostenidas por aire, estructuras de células de aire, estructuras flotantes o estructuras hinchables, entre muchas otras. Ademas, el libro reflexiona acerca de métodos de construcción que utilizan aire, como el acero inflado con aire o el hormigón celular. Este libro se dirige a arquitectos, ingenieros, diseñadores y estudiantes interesados en esta nueva tecnologías de construcción y producción de materiales. | |
| 650 | 1 | 0 |
_aDiseño de estructuras _916 |
| 650 | 2 | 0 |
_aAnálisis de estructuras _9741 |
| 650 | 2 | 0 |
_aModelos estructurales _9160 |
| 650 | 2 | 0 |
_aAire _91444 |
| 650 | 2 | 0 |
_aTecnología de la construcción _9589 |
| 700 | 1 |
_91445 _aSilver, Pete _eautor |
|
| 942 |
_cLIB _2ddc |
||
| 999 |
_c3279 _d3279 |
||